The scarlet letter : (Record no. 232605)
[ view plain ]
| 000 -LEADER | |
|---|---|
| fixed length control field | 01381cam a2200325 a 4500 |
| 001 - CONTROL NUMBER | |
| control field | 1114818 |
| 003 - CONTROL NUMBER IDENTIFIER | |
| control field | Nust |
| 005 - DATE AND TIME OF LATEST TRANSACTION | |
| control field | 20170221121937.0 |
| 008 - FIXED-LENGTH DATA ELEMENTS--GENERAL INFORMATION | |
| fixed length control field | 930621s1992 iaua j 000 1 eng |
| 010 ## - LIBRARY OF CONGRESS CONTROL NUMBER | |
| LC control number | 93169165 |
| 020 ## - INTERNATIONAL STANDARD BOOK NUMBER | |
| International Standard Book Number | 9781853260292 |
| 040 ## - CATALOGING SOURCE | |
| Original cataloging agency | DLC |
| Transcribing agency | DLC |
| Modifying agency | DLC |
| 042 ## - AUTHENTICATION CODE | |
| Authentication code | lcac |
| 043 ## - GEOGRAPHIC AREA CODE | |
| Geographic area code | n-usn-- |
| 050 00 - LIBRARY OF CONGRESS CALL NUMBER | |
| Classification number | PZ7.H31373 |
| Item number | Sc 1992 |
| 082 00 - DEWEY DECIMAL CLASSIFICATION NUMBER | |
| Classification number | 813.3 |
| Author Mark | HAW |
| 100 1# - MAIN ENTRY--PERSONAL NAME | |
| Personal name | Hawthorne, Nathaniel, |
| Dates associated with a name | 1804-1864. |
| 245 14 - TITLE STATEMENT | |
| Title | The scarlet letter : |
| Remainder of title | retold classic novel / |
| Statement of responsibility, etc. | by Nathaniel Hawthorne. |
| 260 ## - PUBLICATION, DISTRIBUTION, ETC. | |
| Place of publication, distribution, etc. | Logan, Iowa : |
| Name of publisher, distributor, etc. | Perfection Learning, |
| Date of publication, distribution, etc. | 1992. |
| 300 ## - PHYSICAL DESCRIPTION | |
| Extent | 203 p. : |
| Dimensions | 21 cm. |
| 440 #0 - SERIES STATEMENT/ADDED ENTRY--TITLE | |
| Title | Retold classic novels |
| 520 ## - SUMMARY, ETC. | |
| Summary, etc. | In early colonial Massachusetts, a young woman endures the consequences of her sin of adultery and spends the rest of her life in atonement. |
| 650 #0 - SUBJECT ADDED ENTRY--TOPICAL TERM | |
| Topical term or geographic name entry element | Puritans |
| Geographic subdivision | Massachusetts |
| General subdivision | Juvenile fiction. |
| 650 #1 - SUBJECT ADDED ENTRY--TOPICAL TERM | |
| Topical term or geographic name entry element | Puritans |
| General subdivision | Fiction. |
| 651 #0 - SUBJECT ADDED ENTRY--GEOGRAPHIC NAME | |
| Geographic name | Massachusetts |
| General subdivision | History |
| Chronological subdivision | Colonial period, ca. 1600-1775 |
| General subdivision | Juvenile fiction. |
| 651 #1 - SUBJECT ADDED ENTRY--GEOGRAPHIC NAME | |
| Geographic name | Massachusetts |
| Geographic subdivision | History |
| Chronological subdivision | Colonial period, ca. 1600-1775 |
| General subdivision | Fiction. |
| 906 ## - LOCAL DATA ELEMENT F, LDF (RLIN) | |
| a | 7 |
| b | cbc |
| c | orignew |
| d | 3 |
| e | ncip |
| f | 19 |
| g | y-gencatlg |
| 942 ## - ADDED ENTRY ELEMENTS (KOHA) | |
| Source of classification or shelving scheme | |
| Koha item type | Book |
| Withdrawn status | Lost status | Source of classification or shelving scheme | Damaged status | Not for loan | Permanent Location | Current Location | Shelving location | Date acquired | Total Checkouts | Total Renewals | Full call number | Barcode | Date last seen | Date last checked out | Copy number | Price effective from | Koha item type |
|---|---|---|---|---|---|---|---|---|---|---|---|---|---|---|---|---|---|
| Central Library (CL) | Central Library (CL) | Fiction | 02/21/2017 | 2 | 1 | 813.3 HAW | CL1086 | 07/15/2025 | 09/27/2021 | 1 | 02/21/2017 | Book |
